Využitie dát leteckého laserového skenovania pri 3D tlači priestorových objektov

Salvato in:
Dettagli Bibliografici
Autore principale: Šperka, Jakub (Autore)
Altri autori: Lieskovský, Tibor (Relatore della tesi)
Natura: Manoscritto Libro
Lingua:slovacco
Pubblicazione: 2022
Soggetti:
Accesso online:http://is.stuba.sk/zp/portal_zp.pl?podrobnosti=155757
https://opac.crzp.sk/?fn=detailBiblioForm&sid=A68E927B0776E61A895D9C111187
Tags: Aggiungi Tag
Nessun Tag, puoi essere il primo ad aggiungerne!!

MARC

LEADER 00000ntm a22000003a 4500
001 stuzp90924
003 SK-STU
005 20230510085518.1
007 ta
008 150427s2015----xo-----f-mn---000-0-slo-d
040 |a STU  |b slo 
041 0 |a slo 
100 1 |a Šperka, Jakub  |u 010130  |4 aut  |U SvF Stavebná fakulta  |T SvF Katedra globálnej geodézie a geoinformatiky  |X 103685  |U V130  |Y 13  |7 103685 
242 0 1 |a Using of airborne laser scanning data for 3D printing of spatial objects  |y eng 
245 1 0 |a Využitie dát leteckého laserového skenovania pri 3D tlači priestorových objektov 
260 |c 2022 
650 4 |a 3D tlač  |2 slo 
650 4 |a mračná bodov  |2 slo 
650 4 |a 3D modely  |2 slo 
650 4 |a geopriestorové dáta  |2 slo 
650 4 |a rastrové dáta  |2 slo 
650 4 |a 3D printing  |2 eng 
650 4 |a 3D models  |2 eng 
650 4 |a geospatial data  |2 eng 
650 4 |a point clouds  |2 eng 
650 4 |a raster data  |2 eng 
700 1 |a Lieskovský, Tibor  |u 010130  |k Z1  |4 ths  |U SvF Stavebná fakulta  |T SvF Katedra globálnej geodézie a geoinformatiky  |X 3805  |U V130  |Y 13  |7 A000003805 
856 4 |u http://is.stuba.sk/zp/portal_zp.pl?podrobnosti=155757 
856 4 |u https://opac.crzp.sk/?fn=detailBiblioForm&sid=A68E927B0776E61A895D9C111187